[Event "Sharjah Cup (Women) 12th"]
[Site "Sharjah"]
[Date "2022.12.11"]
[Round "4"]
[White "Elawady, Nouran"]
[Black "Aisha, Mohamed Al Muaini"]
[Result "0-1"]
[WhiteElo "1052"]
[BlackElo "1505"]
[PlyCount "86"]
[EventDate "2022.12.09"]
[EventType "swiss"]
[EventRounds "9"]
[EventCountry "UAE"]
[SourceTitle "CBM 211 Extra"]
[Source "ChessBase"]
[SourceDate "2023.01.31"]
[SourceVersion "1"]
[SourceVersionDate "2023.01.31"]
[SourceQuality "1"]

1. e4 e5 2. Nf3 Nc6 3. Bb5 g6 4. d3 Bg7 5. Be3 Nge7 6. Nc3 0-0 7. Qd2 a6 8. Ba4 b5 9. Bb3 Na5 10. 0-0 d6 11. Bg5 Nxb3 12. axb3 f6 13. Be3 f5 14. Bg5 Qd7 15. Bxe7 Qxe7 16. Nd5 Qd8 17. c4 Bd7 18. cxb5 Bxb5 19. Rfe1 c6 20. Nc3 Qb6 21. Nxb5 Qxb5 22. b4 Rfb8 23. Ng5 Bh6 24. exf5 gxf5 25. h4 Qxb4 26. Qxb4 Rxb4 27. g3 Bxg5 28. hxg5 Rxb2 29. Rec1 c5 30. Re1 Kf7 31. Re3 Rb6 32. Kg2 Rg8 33. Rh1 Rxg5 34. Rxh7+ Kg6 35. Re7 f4 36. Re1 fxg3 37. fxg3 Kf6 38. Ra7 Rb2+ 39. Kf1 Ra2 40. Rd7 Ke6 41. Rh7 Rxg3 42. Rh6+ Kd5 43. Rd1 Rgg2 0-1

[Event "Wch FIDE Online U14 Girls Asia qual"]
[Site "Tornelo INT"]
[Date "2020.12.12"]
[Round "5"]
[White "Claros, April Joy"]
[Black "Aisha, Mohamed Al Muaini"]
[Result "1/2-1/2"]
[WhiteElo "1459"]
[BlackElo "1177"]
[PlyCount "76"]
[EventDate "2020.12.11"]
[EventType "swiss (rapid)"]
[EventRounds "7"]
[EventCountry "ISS"]
[SourceTitle "EXT 2022"]
[Source "ChessBase"]
[SourceDate "2021.10.06"]
[SourceVersion "1"]
[SourceVersionDate "2021.10.06"]
[SourceQuality "1"]

1. c4 Nf6 2. Nc3 g6 3. g3 Bg7 4. Bg2 0-0 5. e3 d6 6. Nge2 Nbd7 7. 0-0 e5 8. d4 c6 9. b3 Re8 10. Bb2 exd4 11. Nxd4 Qe7 12. e4 Nc5 13. Re1 Ng4 14. f3 Ne5 15. Re3 Ne6 16. Nxe6 Bxe6 17. h3 d5 18. exd5 Qc5 19. Qd2 cxd5 20. cxd5 Rad8 21. Na4 Qxd5 22. Qxd5 Bxd5 23. Rae1 Nxf3+ 24. Bxf3 Rxe3 25. Rxe3 Be6 26. g4 b6 27. Bxg7 Kxg7 28. Nc3 h5 29. gxh5 Bxh3 30. hxg6 Kxg6 31. Kh2 Be6 32. Kg3 Rd4 33. Nb5 Rd7 34. a4 Kg5 35. Re5+ Kf6 36. Re4 Bxb3 37. Rb4 Be6 38. Nd4 a5 1/2-1/2

[Event "Sharjah Cup (Women) 10th"]
[Site "Sharjah"]
[Date "2020.01.06"]
[Round "3"]
[White "Aisha, Mohamed Al Muaini"]
[Black "Al Maamari, Wafia Darwish"]
[Result "0-1"]
[WhiteElo "1195"]
[BlackElo "1866"]
[PlyCount "92"]
[EventDate "2020.01.04"]
[EventType "swiss"]
[EventRounds "9"]
[EventCountry "UAE"]
[SourceTitle "CBM 194 Extra"]
[Source "ChessBase"]
[SourceDate "2020.03.31"]
[SourceVersion "1"]
[SourceVersionDate "2020.03.31"]
[SourceQuality "1"]

1. e4 c5 2. Nf3 Nc6 3. d3 g6 4. g3 Bg7 5. Bg2 e5 6. c3 d6 7. Nbd2 Nge7 8. 0-0 0-0 9. a4 h6 10. h3 Be6 11. Kh2 d5 12. Qe2 f5 13. Ne1 Qc7 14. f4 fxe4 15. fxe5 Bxe5 16. dxe4 Bxg3+ 17. Kh1 Rxf1+ 18. Nxf1 Bxe1 19. Qxe1 g5 20. exd5 Bxd5 21. Bxd5+ Nxd5 22. Qe6+ Qf7 23. Qxf7+ Kxf7 24. Bd2 Re8 25. Re1 Ne5 26. Kg2 c4 27. Ne3 Nf4+ 28. Kg3 Rd8 29. Nf1 Ned3 30. Re4 Nh5+ 31. Kh2 Nxb2 32. Bc1 Nf6 33. Re2 Nxa4 34. Rd2 Rxd2+ 35. Bxd2 Ne4 36. Be1 Naxc3 37. Bxc3 Nxc3 38. Nd2 b5 39. Kg2 Ke6 40. Kf3 a5 41. Ke3 Nd5+ 42. Kd4 c3 43. Nb3 c2 44. Nxa5 c1Q 45. Nc6 Qc3+ 46. Ke4 Qe3# 0-1

[Event "UAE President Cup U14 Girls"]
[Site "Ajman"]
[Date "2019.01.08"]
[Round "8"]
[White "Mohammed, Ghalia"]
[Black "Aisha, Mohamed Al Muaini"]
[Result "0-1"]
[WhiteElo "1172"]
[BlackElo "1144"]
[PlyCount "110"]
[EventDate "2019.01.02"]
[EventType "swiss"]
[EventRounds "9"]
[EventCountry "UAE"]
[SourceTitle "CBM 188 Extra"]
[Source "ChessBase"]
[SourceDate "2019.02.28"]
[SourceVersion "1"]
[SourceVersionDate "2019.02.28"]
[SourceQuality "1"]

1. e4 e5 2. Nf3 Qe7 3. Bc4 d6 4. 0-0 h6 5. d4 Nf6 6. Nc3 c6 7. Re1 g5 8. dxe5 dxe5 9. Be2 Bg7 10. b3 Bg4 11. h3 Bh5 12. Nh2 Bg6 13. f3 Qc5+ 14. Kh1 Qxc3 15. Ba3 Nbd7 16. Bd3 Nh5 17. Nf1 0-0-0 18. Rb1 Nc5 19. Bxc5 Qxc5 20. Qd2 Nf4 21. Rbd1 Nxd3 22. cxd3 Rd7 23. Qe2 Rhd8 24. Rd2 Qb5 25. Red1 Bf8 26. Ne3 Bb4 27. Rc2 Rxd3 28. Rxd3 Qxd3 29. Qxd3 Rxd3 30. Ng4 Rd2 31. Rxd2 Bxd2 32. Nxh6 f6 33. Ng8 Kd7 34. Nxf6+ Ke6 35. Ng4 b5 36. Kg1 Bh5 37. Nh6 a5 38. Nf5 Bf7 39. h4 a4 40. bxa4 bxa4 41. hxg5 Bxg5 42. Kf2 Kf6 43. a3 Bc1 44. Ke2 Bxa3 45. Kd2 Bb4+ 46. Kc2 a3 47. Kb1 a2+ 48. Kb2 Bc3+ 49. Kxc3 a1Q+ 50. Kb4 Qb2+ 51. Kc5 Qb5+ 52. Kd6 Qb8+ 53. Kxc6 Be8+ 54. Kd5 Qb5+ 55. Kd6 Qc6# 0-1